Tollet, Daniel. Marchands et hommes d'affaires juifs dans la Pologne des Wasa (1588 - 1668). - Paris : Champion. - 2001 [Rezension]
| Titel: | Tollet, Daniel. Marchands et hommes d'affaires juifs dans la Pologne des Wasa (1588 - 1668). - Paris : Champion. - 2001 [Rezension] |
|---|---|
| Verfasser: | |
| In: |
Revue historique, Band 127 / 305, Heft 1 (2003), Seite 159-162 alle Artikel anzeigen |
| Veröffentlicht: | 2003 |
| Format: | Aufsatz |
| Sprache: | Französisch |
X
alg: 39484095 001A $01999:12-11-16 001B $01999:03-08-21 $t21:04:01.000 001D $01999:12-11-16 001U $0utf8 001X $00 002@ $0Aox 003@ $039484095X 007A $039484095X $aHEB 007T $0Herd58399 010@ $afre 011@ $a2003 021A $aTollet, Daniel. Marchands et hommes d'affaires juifs dans la Pologne des Wasa (1588 - 1668). - Paris : Champion. - 2001 [Rezension] 028A $aPelus-Kaplan $dMarie-Louise 031A $d127 / 305 $e1 $h159-162 $j2003 039B $aIn $8--Abvc--. Revue historique. - Paris : Presses Univ. de France, 1876-. - ISSN 0035-3264 $x200300001270001841 $9047310693 039T $8--Aau--Tollet, Daniel [Tp3]. Marchands et hommes d'affaires juifs dans la Pologne des Wasa (1588 - 1668). - Paris : Champion, 2001. - 372 S.. - ISBN 2-7453-0332-5 $9113452276 045F $a900.9438 $eDDC23BSB 045F/01 $a900 045F/03 $g438 045T $a8 lok: 39484095 78 exp: 39484095 78 1 #EPN 201B/01 $018-11-16 $t12:54:17.000 201U/01 $0utf8 203@/01 $0791139557 208@/01 $a12-11-16 $be 209A/01 $a/ $f000 $x00 220C/01 $aTitelaufnehmer: jk 244Z/01 $2Trx $#Poola $#Lenkija $#Polija $#Polen Land $#Poland $#Lengyelország $#Poľsko $#Polsko $8--Trx--Polska$gkraj $x01 $9391345966 244Z/01 $2Trx $#arvustused $#recenzijos $#Reviews $#recenziók $#recenzje $#recenzie $#recenze $8--Trx--Rezensionen $x02 $9391357441 247C/01 $82080>Marburg/Lahn, Herder-Institut, Forschungsbibliothek, Bibliographieportal $9336309341
| LEADER | 00000caa a22000002c 4500 | ||
|---|---|---|---|
| 001 | 39484095X | ||
| 003 | DE-603 | ||
| 005 | 20210803210401.0 | ||
| 007 | tu | ||
| 008 | 161112s2003 xx |||| | u00||u|fre c | ||
| 035 | |a (DE-599)HEB39484095X | ||
| 040 | |a DE-603 |b ger |c DE-603 |d DE-603 | ||
| 041 | |a fre | ||
| 082 | 0 | 4 | |8 1\u |a 900.9438 |q DE-101 |2 23/BSB |
| 084 | |a 8 |2 ssgn | ||
| 085 | |8 1\u |b 900 | ||
| 085 | |8 1\u |z 2 |s 438 | ||
| 100 | 1 | |a Pelus-Kaplan, Marie-Louise | |
| 245 | 0 | 0 | |a Tollet, Daniel. Marchands et hommes d'affaires juifs dans la Pologne des Wasa (1588 - 1668). - Paris : Champion. - 2001 [Rezension] |
| 264 | 0 | |c 2003 | |
| 773 | 0 | 8 | |i In |t Revue historique |d Paris : Presses Univ. de France, 1876- |x 0035-3264 |g Band 127 / 305, Heft 1 (2003), Seite 159-162 |w (DE-603)047310693 |w (DE-600)209825-8 |
| 787 | 0 | 8 | |i Rezension von |a Tollet, Daniel |t Marchands et hommes d'affaires juifs dans la Pologne des Wasa (1588 - 1668) |d Paris : Champion, 2001 |h 372 S. |z 2745303325 |w (DE-603)113452276 |
| 924 | 0 | |9 2080 |a (DE-603)791139557 |b DE-2080 |c HES |d d |g / | |


